| 000 | 02449aab a2200481 a 4500 | ||
|---|---|---|---|
| 003 | AR-RoUNA | ||
| 008 | 140529||||||||||||||||| |||| 0|||| d | ||
| 022 | _a0210-2080 | ||
| 040 |
_aAR-RoUNA _bspa |
||
| 041 |
_aspa _aeng |
||
| 044 | _asp | ||
| 080 | _a72.036 | ||
| 092 | _lLL792 | ||
| 245 |
_aOn Diseño / _nNº 172 |
||
| 260 |
_aBarcelona : _bOn Diseño, _c1998 |
||
| 300 |
_a193.p. _bplanos _bplantas _bfot. col. _c29x24 cm |
||
| 505 | 0 | _tOFICINA Y OTROS TERCIARIOS | |
| 505 | 0 | _aLarrucea Francisco José/ Centro de proceso de datos y central telefónica urbana Madrid - Simancas. p.80 | |
| 505 | 0 | _aAguirre Alberto, Sanmartí Jaume, Sen Félix / Rehabilitación de un edificio industrial para usos terciarios. (Barcelona). p. 92 | |
| 505 | 0 | _aPerea Andrés / Zona de Operación y Mantenimiento de Red Eléctrica. Rubí (Barcelona). p. 104 | |
| 505 | 0 | _aSalvadores Carlos/ Edificio de Oficinas para Ferrocarrils de la Generalitat Valenciana. (Valencia). p. 114 | |
| 505 | 0 | _aMenéndez de Luarca. Molezún Salvador y Molezún Vazquez R,/ Edificio del Campus Politécnico de la Universidad Carlos III. p. 124 | |
| 505 | 0 | _aFranco Julián y Palao José Manuel / Edificio industrial y administrativo en Madrid. p. 134 | |
| 505 | 0 | _aBañares Guillermo y Kaiser Johannes/ Oficinas para una editorial en Barcelona. p.144 | |
| 505 | 0 | _aBañares Guillermo y Kaiser Johannes/ Oficinas en una antigua nave industrial en Sabadell. p. 150 | |
| 505 | 0 | _aLago Lola / Estudio de interiorismo en Bellaterra. (Barcelona). p. 156 | |
| 505 | 0 | _tARQUITECTURA RESIDENCIAL DE CARLOS DE RIAÑO | |
| 505 | 0 | _aDe Riano Carlos/ Restauración de un edificio residencial en Puerta Cerrada. (Madrid). p. 160 | |
| 505 | 0 | _aMélendez Fernando. De Riaño Carlos y Avial Rodríguez Luis/ Edificio de Viviendas, oficinas y locales comerciales en Puente Ventas (Madrid). p. 168 | |
| 505 | 0 | _aDe Riano Carlos/ Vivienda unifamiliar en Puerta de Hierro (Madrid). p.176 | |
| 505 | 0 | _tDISEÑO GRÁFICO | |
| 505 | 0 | _aPremios Laus 1995. p.184 | |
| 505 | 0 | _aBañares Guillermo y Kaiser Jobannes / Oficinas en una antigua | |
| 650 | 4 |
_aArquitectura contemporanea _912617 |
|
| 650 | 4 |
_aDiseño _93694 |
|
| 700 | 1 |
_aLlopis, Carme _edrt _912618 |
|
| 773 |
_aOn Diseño _dBarcelona, AramEdiciones S.A, _g172 ( 1996 ). p.193 _x0210-2080 |
||
| 908 | _aImp | ||
| 930 | _e6171 | ||
| 942 |
_2udc _cART |
||
| 945 |
_aMIA _d2019-02-19 |
||
| 980 |
_61 _aMBP _81 _gMaricel Allasia |
||
| 999 |
_c12150 _d12150 |
||